| 000 | 00467nam a2200157Ia 4500 | ||
|---|---|---|---|
| 008 | 160319s9999 xx 000 0 und d | ||
| 245 | _aRosettaStone: Level 2 Spanish/Latin America / | ||
| 245 | _cRosetta Stone. | ||
| 260 | _c2010 | ||
| 300 | _a1 videodisc : | ||
| 300 | _bsound., color ; | ||
| 300 | _c4 3/4 in. | ||
| 440 | _aRosetta Stone Language Learning Success. | ||
| 500 | _a"Level 1, 2 & 3 with audio compilation." | ||
| 650 | _aSpanish Latin America. | ||
| 999 |
_c292491 _d292491 |
||